Central Library OPAC University of Rajshahi

Morality and purpose / (Record no. 30649)

MARC details
000 -LEADER
fixed length control field 00823cam a2200265 4500
001 - CONTROL NUMBER
control field 30649
003 - CONTROL NUMBER IDENTIFIER
rucl marc code BD-RjUL
005 - DATE AND TIME OF LATEST TRANSACTION
control field 20211209051609.0
008 - FIXED-LENGTH DATA ELEMENTS--GENERAL INFORMATION
fixed length control field 140410s1969 enk 001 0 eng d
020 ## - INTERNATIONAL STANDARD BOOK NUMBER
International Standard Book Number 0710063229
035 ## - SYSTEM CONTROL NUMBER
System control number CURL 980075409094(LCo) from rjmc013
System control number (BD-RjUL )30736
040 ## - CATALOGING SOURCE
Original cataloging agency UkOxU
Language of cataloging eng
Transcribing agency UkOxU
Modifying agency BD-RjUL
041 ## - LANGUAGE CODE
Language code of text/sound track or separate title eng
082 ## - DEWEY DECIMAL CLASSIFICATION NUMBER
Classification number 171
Author mark and year STM 1969
100 1# - MAIN ENTRY--PERSONAL NAME
Personal name Stocks, J. L.
Fuller form of name (John Leofric),
Dates associated with a name 1882-1937.
9 (RLIN) 93122
245 10 - TITLE STATEMENT
Title Morality and purpose /
Statement of responsibility, etc. by J. L. Stocks; edited with an introduction by D.Z. Phillips.
260 ## - PUBLICATION, DISTRIBUTION, ETC. (IMPRINT)
Place of publication, distribution, etc. London :
Name of publisher, distributor, etc. Routledge & Kegan Paul,
Date of publication, distribution, etc. 1969.
300 ## - PHYSICAL DESCRIPTION
Pagination viii, 131 p. ;
Size 23 cm.
490 0# - SERIES STATEMENT
Series statement Studies in ethics and the philosophy of religion
650 #0 - SUBJECT ADDED ENTRY--TOPICAL TERM
Topical term or geographic name as entry element Ethics.
9 (RLIN) 93123
942 ## - ADDED ENTRY ELEMENTS (KOHA)
Source of classification or shelving scheme Dewey Decimal Classification
Koha item type Books
Holdings
Lost status Source of classification or shelving scheme Damaged status Not for loan Permanent Location Current Location Shelving location Date acquired Source of acquisition Cost, normal purchase price Total Checkouts Full call number Date last seen Copy number Koha item type Collection code
  Dewey Decimal Classification   Not For Loan Central Library, University of Rajshahi Central Library, University of Rajshahi Reading Room 08/09/1970 Zeitlinger 25.00   171 STM 1969 10/04/2014 C-1 Books  
  Dewey Decimal Classification     Central Library, University of Rajshahi Central Library, University of Rajshahi   08/09/1970 Zeitlinger 25.00   171 STM 1969 12/04/2014 C-2 Books Non-fiction